Managing human resources: (Record no. 362516)
[ view plain ]
| 000 -LEADER | |
|---|---|
| fixed length control field | 00548nam a2200145Ia 4500 |
| 008 - FIXED-LENGTH DATA ELEMENTS--GENERAL INFORMATION | |
| fixed length control field | 191108s9999 xx 000 0 und d |
| 020 ## - INTERNATIONAL STANDARD BOOK NUMBER | |
| International Standard Book Number | 978-971-98-0397-3 |
| 100 ## - MAIN ENTRY--PERSONAL NAME | |
| Personal name | Diamante, Melva M. |
| 245 ## - TITLE STATEMENT | |
| Statement of responsibility, etc | Melva Diamante, Genevieve Ledesma-Tan .-- |
| Title | Managing human resources: |
| Remainder of title | Local and global perspectives (Outcomes-based Learning) / |
| 260 ## - PUBLICATION, DISTRIBUTION, ETC. (IMPRINT) | |
| Place of publication, distribution, etc | Quezonn City : |
| Name of publisher, distributor, etc | C & E Publishing, Inc. |
| Date of publication, distribution, etc | 2015 |
| 300 ## - PHYSICAL DESCRIPTION | |
| Extent | 440 pages : |
| Other physical details | black & white illustrations |
| 500 ## - GENERAL NOTE | |
| General note | Includes appendices and index. |
| 650 ## - SUBJECT ADDED ENTRY--TOPICAL TERM | |
| Topical term or geographic name as entry element | Human Resources |
| 650 ## - SUBJECT ADDED ENTRY--TOPICAL TERM | |
| Topical term or geographic name as entry element | Management |
| Withdrawn status | Lost status | Source of classification or shelving scheme | Damaged status | Home library | Current library | Shelving location | Date acquired | Source of acquisition | Total Checkouts | Full call number | Barcode | Date last seen | Price effective from | Koha item type |
|---|---|---|---|---|---|---|---|---|---|---|---|---|---|---|
| Library of Congress Classification | Southville International School Affiliated with Foreign Universities Library | Southville International School Affiliated with Foreign Universities Library | Southville Foreign University Section | 11/08/2019 | Donation | HF 5549.2 .P6 A85 2015 | SFU0197 | 11/08/2019 | 11/08/2019 | Books |